ბათუმის შოთა რუსთაველის სახელმწიფო უნივერსიტეტის ბიბლიოთეკა

7 Money Rules for Life (ბიბ.ჩანაწერი № 51484)

000 -LEADER
fixed length control field 00605nam a2200241Ia 4500
001 - CONTROL NUMBER
control field 18470
003 - CONTROL NUMBER IDENTIFIER
control field GE_BSU
008 - FIXED-LENGTH DATA ELEMENTS--GENERAL INFORMATION
fixed length control field 181216s||||||||xx |||||||||||||| ||und||
020 ## - INTERNATIONAL STANDARD BOOK NUMBER
International Standard Book Number 9780800721121
040 ## - CATALOGING SOURCE
Transcribing agency GE_BSU
080 ## - UNIVERSAL DECIMAL CLASSIFICATION NUMBER
Universal Decimal Classification number 336
100 ## - MAIN ENTRY--PERSONAL NAME
Personal name Hunt,Mary
245 ## - TITLE STATEMENT
Title 7 Money Rules for Life
245 ## - TITLE STATEMENT
Remainder of title How to Take control of Your Financial Future
260 ## - PUBLICATION, DISTRIBUTION, ETC.
Place of publication, distribution, etc. Michigan
260 ## - PUBLICATION, DISTRIBUTION, ETC.
Name of publisher, distributor, etc. Revell
260 ## - PUBLICATION, DISTRIBUTION, ETC.
Date of publication, distribution, etc. 2012
300 ## - PHYSICAL DESCRIPTION
Extent 200 p. 23cm.
653 ## - INDEX TERM--UNCONTROLLED
Uncontrolled term 7 Money Rules for Life
653 ## - INDEX TERM--UNCONTROLLED
Uncontrolled term How to Take control of Your Financial Future
653 ## - INDEX TERM--UNCONTROLLED
Uncontrolled term ფინანსები
942 ## - ADDED ENTRY ELEMENTS (KOHA)
Koha item type წიგნი
ეგზემპლარები
Withdrawn status Lost status Damaged status Not for loan Date acquired Barcode Date last seen Price effective from Koha item type
        2018-12-17 47302 2018-12-17 2018-12-17 წიგნი